00637cam a22001932a 4500001000900000003001100009005001700020008004300037040003200080100001700112245011800129260001700247260001300264260000900277300001000286440005300296650008600349650000800435 007819 AR-FADEU20220609122019.0 311216n1971####xxu####################dd cBiblioteca Ernesto Sábato aFromm, Erich aPodra sobrevivir el hombre? : una investigación sobre los hechos y las ficciones de la política internacional aBuenos Aires bPaidós c1962 a257 p aBiblioteca de psicología social y sociología aPOLITICA INTERNACIONAL; ORDEN INTERNACIONAL; DESARME INTERNACIONAL; PAZ-PROMOCION aJLS